000 00894nam a2200253Ia 4500
003 OSt
005 20220925203423.0
006 a|||||r|||| 00| 0
007 ta
008 220923b |||||||| |||| 00| 0 eng d
020 _a9780822352969
_c4817.9700000000003
037 _b4895, 01/02/2013, RAJKIRAN BOOK AGENCY
_cGeneral Book
040 _aRTL
_cRTL
_beng
041 _2eng
_aeng
082 _aY73:67.791.J9, Q2
100 _aMUMFORD Jeremy Ravi
_9265951
245 0 _aVertical empire
_b The general resettlement of Indians in the colonial andes.
260 _aDurham
_bDuke University Press
_c2012
300 _ax, 293p. Bib: p 259-284
_ccm.
500 _aAppendix: p 187-196; Glossary: p 255-258
650 _aSociology
942 _hY73:67.791.J9, Q2
_cGB
_2CC
999 _c546354
_d546354